Cena pana Alfreda Nobela. 1986 - Teorie ekonomického a politického rozhodování.

V r. 1986 získal Nobelovu cenu za ekonómiu profesor James Buchanan z Georg Mason University. Ocenenie získal za "rozvoj zmluvných a konštitučných základov teórie ekonomického a politického rozhodovania".

Saved in:
Bibliographic Details
Format: Book Chapter
Language:Czech
Subjects:
Tags: Add Tag
No Tags, Be the first to tag this record!

MARC

LEADER 00000naa a2200000 4500
001 r013531
005 20221213083211.4
041 0 |a cze 
044 |a CZ 
245 1 0 |a Cena pana Alfreda Nobela.  |b 1986 - Teorie ekonomického a politického rozhodování. 
520 |a V r. 1986 získal Nobelovu cenu za ekonómiu profesor James Buchanan z Georg Mason University. Ocenenie získal za "rozvoj zmluvných a konštitučných základov teórie ekonomického a politického rozhodovania". 
610 2 0 |a Nobelova cena 
610 2 0 |a ekonómia 
610 2 0 |a 1986 
610 2 0 |a Buchanan, J. 
610 2 0 |a teória rozhodovania